• 首页
  • 本馆介绍
  • 公告通知
  • 最新文献
  • 馆藏检索
  • 电子资源
  • 读者导购
  • 参考咨询
  • 我的图书馆
  • 登录
  • 详细信息显示
  • 放入我的书架
  • 预约/预借图书
  • 作者相关作品
  • 分类相关作品
  • 丛书相关作品
  • 出版社相关作品

书目信息

  • 表格格式
  • 工作单格式
  • 卡片格式
题名:
文化治理
    
 
作者: 皇甫晓涛 著
分册:  
出版信息: 北京   中国文史出版社  2014
页数: 291页
开本: 24cm
丛书名: 文化强国与文化创新研究丛书
单 册:
中图分类: G11
科图分类:
主题词: 文化管理--研究--世界
电子资源:
ISBN: 978-7-5034-4087-8
000 01134nam0 2200289 450
001 339583
005 20150608163055.96
010    @a978-7-5034-4087-8@dCNY58.00
100    @a20140723d2014 em y0chiy50 ea
101 0  @achi
102    @aCN@b110000
105    @ay z 000yy
106    @ar
200 1  @a文化治理@Awen hua zhi li@e中西文化缔造原理、案例的比较研究@f皇甫晓涛著
210    @a北京@c中国文史出版社@d2014
215    @a291页@d24cm
225 1  @a文化强国与文化创新研究丛书@i管理卷@f皇甫晓涛主编
300    @a国家文化产业专项资金重大项目课题成果“文化强国目标与战略研究”
330    @a本书主要阐述文化治理与文化治国的关系, 文化管理与战略管理的关系, 文化智库与创新智库、国家智库的关系。并在此基础上, 展开了对中西文化治理的思想渊源与文化智库思想理论的比较研究。
410  0 @12001 @a文化强国与文化创新研究丛书
462    @1462 @a管理卷
517 1  @a中西文化缔造原理、案例的比较研究@Azhong xi wen hua di zao yuan li 、an li de bi jiao yan jiu
606 0  @a文化管理@x研究@y世界
690    @aG11@v5
701  0 @a皇甫晓涛@Ahuang fu xiao tao@f(1959)@4著
801  0 @aCN@b卓展宏图@c20150525
905    @dG11@e40@f4
    
    文化治理:中西文化缔造原理、案例的比较研究/皇甫晓涛著.-北京:中国文史出版社,2014
    291页;24cm.-(文化强国与文化创新研究丛书.管理卷/皇甫晓涛主编)
    国家文化产业专项资金重大项目课题成果“文化强国目标与战略研究”
    
    ISBN 978-7-5034-4087-8:CNY58.00
    本书主要阐述文化治理与文化治国的关系, 文化管理与战略管理的关系, 文化智库与创新智库、国家智库的关系。并在此基础上, 展开了对中西文化治理的思想渊源与文化智库思想理论的比较研究。
●
相关链接 在E读中查询图书 在五车中查询图书 在当当中查询图书 在豆瓣中查询图书


正题名:文化治理     索取号:G11/40         预约/预借

序号 登录号 条形码 馆藏地/架位号 状态 备注
1 863258   208632586   第一样本阅览室/ [索取号:G11/40] 在馆    
2 863259   208632595   第四借阅区/ [索取号:G11/40] 在馆    
3 863260   208632602   第四借阅区/ [索取号:G11/40] 在馆    
4 863261   208632611   第四借阅区/ [索取号:G11/40] 在馆    
唐山师范学院图书馆 欢迎您!
大连网信软件有限公司© 版权所有